Library Banner

Islamiat/ (Record no. 102370)

MARC details
000 -LEADER
fixed length control field 00374nam a22001457a 4500
005 - DATE AND TIME OF LATEST TRANSACTION
control field 20180129114254.0
008 - FIXED-LENGTH DATA ELEMENTS--GENERAL INFORMATION
fixed length control field 180129b xxu||||| |||| 00| 0 eng d
040 ## - CATALOGING SOURCE
Transcribing agency PK-LaUMT
082 ## - DEWEY DECIMAL CLASSIFICATION NUMBER
Classification number PKAC 297
Item number TAH-I
100 ## - MAIN ENTRY--PERSONAL NAME
Personal name Tahir Rasool
245 ## - TITLE STATEMENT
Title Islamiat/
Statement of responsibility, etc Tahir Rasool
260 ## - PUBLICATION, DISTRIBUTION, ETC. (IMPRINT)
Place of publication, distribution, etc کراچی:
Name of publisher, distributor, etc ادارہ معارف اسلامی
Date of publication, distribution, etc 1992
300 ## - PHYSICAL DESCRIPTION
Extent 190
942 ## - ADDED ENTRY ELEMENTS (KOHA)
Koha item type Books
Holdings
Withdrawn status Lost status Damaged status Home library Current library Date acquired Full call number Barcode Date last seen Price effective from Koha item type
      UMT Main Campus UMT Main Campus 2018-01-29 PKAC 297 TAH-I 118270 2018-01-29 2018-01-29 Books